Action research (Registro nro. 63811)
[ vista simple ]
| 000 -LÍDER | |
|---|---|
| Campo fijo de descripción fija | 01388cam a2200349 i 4500 |
| 001 - NÚMERO DE CONTROL | |
| Campo de control | 768714001 |
| 003 - IDENTIFICADOR DEL NÚMERO DE CONTROL | |
| Campo de control | CO-MdFUSB |
| 005 - FECHA Y HORA DE LA ULTIMA TRANSACCIÓN | |
| control field | 20211109125301.0 |
| 007 - CAMPO FIJO DE DESCRIPCIÓN FIJA--INFORMACIÓN GENERAL | |
| Campo fijo de descripción fija | ta |
| 008 - ELEMENTOS DE LONGITUD FIJA -- INFORMACIÓN GENERAL | |
| Campo fijo de descripción fija -- Información general | 061012t20072007caua b 001 0 eng |
| 010 ## - NÚMERO DE CONTROL DE LA BIBLIOTECA DEL CONGRESO | |
| Número de control LC | 2006034022 |
| 020 ## - NÚMERO INTERNACIONAL NORMALIZADO PARA LIBROS | |
| Número Internacional Normalizado del libro | 9781412952224 |
| 040 ## - FUENTE DE CATALOGACIÓN | |
| Agencia que realiza la modificación | CO-MdFUSB |
| -- | CO-MdFUSB |
| Agencia que realiza la transcripción | CO-MdFUSB |
| 041 ## - CÓDIGO DE IDIOMA | |
| Código de idioma para texto/pista de sonido o título separado | eng |
| 082 ## - NÚMERO DE CLASIFICACIÓN DECIMAL DEWEY | |
| Número de clasificación | 361 |
| Número de la edición del Dewey | 23 |
| Clave de autor-Numero de item | ST918 |
| 100 1# - ASIENTO PRINCIPAL--NOMBRE PERSONAL | |
| Nombre personal | Stringer, Ernest T. |
| 245 10 - TÍTULO | |
| Título del Material | Action research |
| Mención de responsabilidad, etc. | / Ernest T. Stringer. |
| 250 ## - MENCIÓN DE EDICIÓN | |
| Mención de edición | tercera edición |
| 264 #1 - PRODUCCIÓN, PUBLICACIÓN, DISTRIBUCIÓN, MANUFACTURA, Y COPYRIGHT | |
| Lugar de producción, publicación, distribución, manufactura | Los Angeles : |
| Nombre del productor, publicador, distribuidor | Sage Publications, |
| Fecha de producción, publicación, distribución, manufactura, o copyright | [2007] |
| 264 #4 - PRODUCCIÓN, PUBLICACIÓN, DISTRIBUCIÓN, MANUFACTURA, Y COPYRIGHT | |
| Fecha de producción, publicación, distribución, manufactura, o copyright | © 2007 |
| 300 ## - DESCRIPCIÓN FÍSICA | |
| Extensión | xix, 279 pages : |
| Otros detalles físicos | illustrations ; |
| Dimensiones | 23 cm. |
| 336 ## - TIPO DE CONTENIDO | |
| Fuente | rdacontent. |
| Término de tipo de contenido | texto |
| Código de tipo de contenido | txt |
| 337 ## - TIPO DE MEDIO | |
| Fuente | rdamedia. |
| Nombre del tipo de medio | sin mediación |
| Código del tipo de medio | n |
| 338 ## - TIPO DE SOPORTE | |
| Fuente | rdacarrier. |
| Nombre del tipo de soporte | volumen |
| Código Tipo de soporte | nc |
| 505 ## - NOTA DE CONTENIDO | |
| Nota de contenido con formato preestablecido | Investigación en la vida pública y profesional - Teoría y principios de la investigación-acción - Preparar el escenario: planificar un proceso de investigación - Mirar: construir la imagen - Pensar: interpretar y analizar - Actuar: resolver problemas: planificar e implementar soluciones sostenibles - Planificación estratégica para el cambio y el desarrollo sostenibles - Informes formales - Comprensión de la investigación-acción. |
| 563 ## - NOTA DE ENCUADERNACIÓN | |
| Nota de encuadernación | Rústico |
| 653 ## - TÉRMINO DE INDIZACIÓN - NO CONTROLADO | |
| Término no controlado | Investigación |
| 653 ## - TÉRMINO DE INDIZACIÓN - NO CONTROLADO | |
| Término no controlado | Servicios humanos - Investigación. |
| 942 ## - TIPO DE MATERIAL (KOHA) | |
| Tipo de Item KOHA | Libros General |
| 945 ## - INFORMACIÓN LOCAL DEL REGISTRO | |
| Catalogador | JTF-925 |
| Estado de Material | Estado de Perdido | Forma de Clasificación | Estado de Dañado | No para Préstamo | Colección | Biblioteca de Origen | Biblioteca Permanente | Fecha de Adquisición | Total de Préstamos | Total de Renovaciones | Signatura Topográfica | Código de Barras | Última vez visto | Última vez Préstado | Fecha de Remplazo | Tipo de Material |
|---|---|---|---|---|---|---|---|---|---|---|---|---|---|---|---|---|
| Dewey Decimal Classification | Colección General | Biblioteca FUSBC | Biblioteca FUSBC | 07/02/2017 | 2 | 8 | G 361 ST918a | 21973 | 25/10/2021 | 08/01/2020 | 07/02/2017 | Libros General |
